La Bosnie-Herzégovine pour les touristes... - Statistiques

Statistiques générales
  • Ce quiz a été pris 120 fois
  • Le résultat moyen est 12 sur 20
Statistiques - réponses
Question Indice Réponses % Correct
Quelles sont les langues officielles ? Serbe
98%
Quelles sont les langues officielles ? Croate
96%
Quelles sont les principales villes touristiques ? S Sarajevo
92%
La conduite se fait à droite ou à gauche ? Droite
85%
Dans la capitale y-a-t-il un décalage horaire avec Paris ? (oui/non) Non
84%
Quelles sont les langues officielles ? Bosnien
82%
Quelles autres langues sont répandues ? A Allemand
81%
Quelles sont les principales villes touristiques ? M Mostar
81%
La religion majoritaire est Islam
78%
Quelles autres langues sont répandues ? A Anglais
76%
La vitesse est limitée sur autoroute à {130} km/h
69%
Quelle est la monnaie ? Mark
67%
Le taux d'alcoolémie toléré au volant est de {0.3} g/l
44%
Le suffixe internet est ba
30%
Achats à faire 1/ Eau de vie de Prune
24%
Achats à faire 2/ Objets en... Bois
22%
Quel parc national peut-on visiter ? U Una
21%
Quelles sont les principales villes touristiques ? T Trebinje
16%
Achats à faire 3/ Tissus décorés de Broderie
13%
Quelles sont les principales villes touristiques ? P Pocitelj
5%
Aucun quiz correspondant
Distribution des résultats
% des personnes avec chaque résultat
Percentile par nombre de réponses
Votre historique - résultats
Vous n’avez pas pris ce quiz